| 000 | 00445nam a2200181Ia 4500 | ||
|---|---|---|---|
| 003 | OSt | ||
| 005 | 20260401145626.0 | ||
| 008 | 250729s2011 xx 000 0 und d | ||
| 040 | _cAL | ||
| 041 | _akan | ||
| 082 | _a900.15 PALS | ||
| 100 |
_aPalaksha _9230823 |
||
| 245 | _aSamagra karnataka ithihasa mattu samskrathi | ||
| 260 |
_aThipaturu _bShashi Prakashana _c2011 |
||
| 300 | _a337p | ||
| 650 |
_aHistory _9230824 |
||
| 942 |
_2ddc _cBED |
||
| 999 |
_c238974 _d238974 |
||